00381nam a2200133 4500008004100000020001800041050002400059100001800083245005400101260003300155300001800188440002600206650001500232160712b xxu||||| |||| 00| 0 eng d a9789966068286 aPR3981.9b.K39 2015 aKawive Wambua aThe ridges across River Kaiti /cWambua wa Kawive aNairobi :bOne planet,c2015 a250p. :c17cm aTop literature series aLiterature